|
|
|
|
| LEADER |
00000nab a2200000 a 4500 |
| 001 |
vtls000160709 |
| 003 |
SK-MaSNL |
| 005 |
20260303073046.0 |
| 008 |
140328c1983 xo 0 slo |
| 015 |
|
|
|a SNBRB19rr/mm-uuuuu
|
| 035 |
|
|
|a CL0170819
|
| 040 |
|
|
|a SNKBUCL
|b slo
|c SNKBUCL
|e AACR2
|
| 041 |
0 |
|
|a slo
|
| 044 |
|
|
|a xo
|c SK
|
| 080 |
|
|
|a 694.4
|2 1981
|
| 100 |
1 |
|
|a Bašista, Andrej
|4 aut
|9 494264
|
| 245 |
1 |
0 |
|a Problémy výroby veľkorozmerových drevostavieb
|c Andrej Bašista, Alena Randušková
|
| 300 |
|
|
|b Obr. 3., lit. 3 zázn. v slov., češ.
|
| 650 |
0 |
7 |
|a drevené stavby
|2 snkbucl
|9 2987
|
| 650 |
0 |
7 |
|a drevené konštrukcie
|2 snkbucl
|9 3694
|
| 655 |
|
7 |
|a články z novín a časopisov
|2 snkbucl
|9 267496
|
| 700 |
1 |
|
|a Randušková, Alena
|4 aut
|9 930603
|
| 773 |
0 |
|
|t Drevo
|g Roč. 38, č. 5 (1983), s. 144-146
|
| 850 |
|
|
|a Slovenská národná knižnica v Martine
|a MTA001
|
| 852 |
|
|
|a SNK
|b KIS3GCP
|
| 958 |
|
|
|a RK
|
| 992 |
|
|
|a RBX
|
| 999 |
|
|
|c 1766192
|d 1768122
|